000 00300nam a22001337a 4500
008 170131b xxu||||| |||| 00| 0 eng d
020 _a157325
041 _aeng
080 _a61
100 _a3
101 _ashmi
245 _aCOMPLICATIONS OF INTRATHORACIC SURGERY
_cCORDELL, A.R
942 _2udc
_cBK
999 _c4069
_d4069